[Event "EU-chT (Men) 14th"]
[Site "Plovdiv"]
[Date "2003.10.17"]
[Round "6.2"]
[White "Navara, David"]
[Black "Pelletier, Yannick"]
[Result "1/2-1/2"]
[WhiteElo "2607"]
[BlackElo "2604"]
[Annotator "Pelletier,Y"]
[PlyCount "119"]
[EventDate "2003.10.10"]
[EventType "team-swiss"]
[EventRounds "9"]
[EventCountry "BUL"]
[SourceTitle "CBM 098"]
[Source "ChessBase"]
[SourceDate "2004.02.03"]
[SourceVersion "1"]
[SourceVersionDate "2004.02.03"]
[SourceQuality "1"]
[WhiteTeam "Czech Republic"]
[BlackTeam "Switzerland"]
[WhiteTeamCountry "CSR"]
[BlackTeamCountry "SUI"]

1. e4 e6 2. d4 d5 3. Nd2 Be7 4. Bd3 c5 5. dxc5 Nf6 6. Qe2 O-O 7. Ngf3 a5 {
Smbat Lputians Idee, die auch nach meiner Ansicht besser ist als 7...Nc6.
Schwarz beabsichtigt die Rückeroberung des Bauern c5 mit dem Nb8 und wappnet
sich daher vorbeugend gegen Nb3.} 8. a4 ({Schwarz hat in der Isolanie-Stellung
nach} 8. O-O Na6 9. exd5 exd5 {kaum Sorgen.}) 8... Na6 (8... Nc6 9. c3) 9. e5
Nd7 10. Nd4 ({Vorstellbar ist ebenfalls die Fortsetzung} 10. c3 Naxc5 11. Bb5
Nb6 $1 (11... Qc7 12. O-O b6 13. Re1 Ba6 14. Nd4 Bxb5 15. axb5 $14) 12. O-O Bd7
$11 {Xa4}) 10... Ndxc5 11. Bxa6 ({Der weissfeldrige Läufer muss beseitigt
werden, deshalb blieb der Na6 am 10.Zug stehen:} 11. Bb5 Nc7 {[%csl Yb5]})
11... Rxa6 12. N2f3 $6 ({Zu kompliziertem Spiel führte} 12. O-O Bd7 13. b3 f6 (
13... Qc7 14. Ba3 $14) 14. N2f3 Ne4 15. c4 fxe5 16. Nxe5 Bd6 17. f4 $13) 12...
Ne4 $6 ({Nach dem richtigen} 12... Bd7 13. b3 Ne4 14. O-O Nc3 15. Qd3 Qc7 $11 {
[%csl Yc3][%cal Gf8c8,Gc8c1] hätte Schwarz dank der Kontrolle über c3 gute
Aussichten.}) 13. O-O f6 14. c4 $1 {Das hatte ich unterschätzt.} Qc7 15. cxd5
exd5 16. Bf4 Qc4 $5 ({Möglich war auch} 16... Bc5 17. Nb3 $5 (17. Nb5 Qf7)) 17.
Qd1 $5 ({Das Endspiel nach} 17. Qxc4 dxc4 {ist sogar günstig für Schwarz, z.B:}
18. h3 (18. Rfc1 g5 $1 $15 (18... Nc5 19. Rxc4 Nd3 20. Bg3 Nxb2 21. Rc7 Bb4 22.
Ra2 Nd3 23. Rac2 $36)) 18... Nc5 $15) (17. Qe3 {verdiente aber Aufmerksamkeit.}
) 17... Bd7 $6 ({Vorzuziehen war} 17... fxe5 18. Bxe5 Bg4 19. Rc1 Qb4 20. h3
Bh5 21. Rc7 Bf6 22. Bxf6 Raxf6 23. Qc2 $13) 18. Rc1 Qxa4 19. Rc7 ({Der Textzug
und} 19. b3 {lagen im Zentrum meiner Rechenarbeit, denn Schwarz rettet nur
knapp seine hängenden Figuren:} Qb4 20. Rc7 fxe5 ({das andere Figurenopfer} 
20... Bg4 {reicht nicht aus:} 21. Nc2 Qxb3 22. Rxe7 fxe5 23. Bxe5 Rg6 24. Bg3
$1 Bxf3 25. gxf3 Rxf3 26. Ne3 Qxd1 27. Rxd1 $16) 21. Nc2 (21. Bxe5 Rd8) 21...
Qxb3 (21... Qb5 $2 22. Bxe5 Rxf3 23. Nd4 $1 Qxf1+ 24. Qxf1 Rxf2 25. Qa1 $1 Rg6
26. Bg3 Bd6 27. Qxa5 $1 (27. Rxd7 $2 Bxg3 28. Rd8+ Kf7 29. Rd7+ Ke8 30. Rxd5
Bxh2+ 31. Kh1 Bc7 $19) 27... Bxc7 28. Qxc7 Ra6 29. h4 $16) 22. Rxd7 Nc3 23. Qd2
Ne4 24. Qe2 Nc3 25. Qxe5 $5 Bf6 26. Nfd4 Bxe5 27. Bxe5 Ne2+ 28. Kh1 Nxd4 29.
Rxg7+ Kh8 30. Rf7+ Kg8 31. Rg7+ Kh8 $11 {mit erzwungenem Dauerschach}) ({Nach} 
19. Nf5 Bc5 $5 20. Qxd5+ Be6 21. Qxb7 Ra7 22. Ne7+ Kf7 23. Qc6 Qxc6 24. Nxc6
Rb7 {[%csl Gc5,Ge6] sollte Schwarz dank seinem Läuferpaar ausgleichen können.})
19... Qxd1 20. Rxd1 fxe5 21. Bxe5 Nc5 $6 ({Ich wurde unaufmerksam und
verpasste in der Partiefolge ein Detail. Nach} 21... Rd8 22. Rxb7 Bc5 $13 {
steht Schwarz nicht schlechter.}) 22. Nb3 ({Im Falle von} 22. Rc1 b6 $1 (22...
Rc8 $2 23. Rxd7) 23. R1xc5 bxc5 24. Rxd7 Bf6 $13 {sind die beiden Springer
nicht so stark.}) 22... Nxb3 23. Rxd7 Bf6 ({Meine erste Absicht war wohl} 23...
Re6 24. Rxb7 Nc5 $2 {, aber dies scheitert an} 25. Rxe7 Rxe7 26. Bd6) 24. R1xd5
$2 ({Nach diesem Fehler gelingt es Schwarz, seine Verteidigung zu organisieren.
Am besten war} 24. Rxb7 Nc5 25. Rb5 Bxe5 26. Nxe5 Ne4 27. Rdxd5 $16 {[%csl Ra6,
Gb5,Gd5,Ge5]}) ({, aber auch} 24. Bxf6 Rfxf6 $1 25. Rxb7 Rab6 26. Rxb6 Rxb6 27.
Rxd5 a4 $14 {bietet Chancen auf Erfolg.}) 24... Rc6 25. h4 {Wegen der
Grundreiheschwäche kann sich Weiss nicht auf b7 bedienen.} Nc5 {[%csl Gc5]} 26.
Rc7 Bxe5 (26... Rc8 27. Rxc8+ Rxc8 28. Bxf6 gxf6 29. Nd4 $36) 27. Rxc6 bxc6 28.
Rxe5 Nd3 (28... Nb3 $142) 29. Rxa5 Nxb2 $6 ({Wegen der FIDE-Bedenkzeit ist es
nicht einfach, in der Endphase der Partie genau zu spielen...} 29... Rb8 $1 30.
Ra3 Nxb2 31. Ne5 c5 $11 {war besser.}) 30. Ne5 Nd1 31. f3 $6 ({Nun kann der
Springer via e3 zurückkehren. Nach} 31. Ra2 $1 {[%csl Rd1]} Rc8 (31... c5 32.
Rc2 Rc8 33. Kf1) 32. Rc2 Re8 33. Nxc6 {wäre er noch abgeschnitten.}) 31... Rc8
32. Rc5 Ne3 33. Kf2 (33. Nxc6 Rc7 34. g4 Nd5 $11) ({Kleine praktische Chancen
bot nur} 33. g4 Nd5 34. Rxc6 Rxc6 35. Nxc6 h6 {, auch wenn die Partie
logischerweise Remis enden sollte.}) 33... Nf5 34. Nxc6 Rc7 35. g3 $2 ({
Dieser unglaubliche Fehler verliert die Qualität, aber nicht die Partie.
Vermutlich rechnete mein Gegner nur mit 35...Ne7.} 35. Rxf5 Rxc6 $11) 35... Nd4
36. Nxd4 Rxc5 37. g4 Kf7 $6 (37... g6) 38. Nf5 $6 (38. h5) 38... Rc7 $6 ({
Es war der letzte Augenblick, um die folgende Art Festung mittels} 38... g6 {
zu verhindern. Trotzdem blieben auch in diesem Fall die Gewinnchancen gering.})
39. h5 Ke6 40. Kg3 Ke5 41. f4+ Ke4 42. Nd6+ Kd5 43. Nf5 Ke4 44. Nd6+ Kd5 45.
Nf5 Ra7 46. g5 Ke6 47. Kg4 Rd7 48. Ne3 Rd4 49. Nf5 Rd7 50. Ne3 Ra7 51. Nf5 Rb7
52. Nd4+ Kd5 53. Nf5 Ke6 54. Nd4+ Kf7 55. Nf5 Rb1 56. Kg3 Rf1 57. Kg4 Rh1 58.
Nd4 Rd1 59. Nf5 Rg1+ 60. Kf3 {Weiss hat viel mehr Raum und keine Schwäche.}
1/2-1/2

[Event "Zuerich op 25th"]
[Site "Zuerich"]
[Date "2001.12.29"]
[Round "6"]
[White "Kveinys, Aloyzas"]
[Black "Pelletier, Yannick"]
[Result "0-1"]
[WhiteElo "2547"]
[BlackElo "2568"]
[Annotator "Pelletier,Y"]
[PlyCount "72"]
[EventDate "2001.12.26"]
[EventType "swiss"]
[EventRounds "7"]
[EventCountry "SUI"]
[SourceTitle "CBM 088"]
[Source "ChessBase"]
[SourceDate "2002.03.21"]
[SourceVersion "1"]
[SourceVersionDate "2002.03.21"]
[SourceQuality "1"]

1. e4 e6 2. d4 d5 3. Nd2 Be7 4. Bd3 c5 5. dxc5 Nf6 6. Qe2 Nc6 7. Ngf3 a5 8. O-O
O-O 9. e5 Nd7 10. Nb3 $6 {Ein kleiner Rechenschnitzer!} a4 11. Nbd4 $6 ({
Somit verliert Weiss den Bauern e5 auf kombinatorische Weise.} 11. Nbd2 {
war natürlich besser, aber Kveinys wollte konsequent sein!}) 11... Ndxe5 12.
Nxe5 Nxd4 13. Qh5 f5 ({Nach} 13... g6 {[%cal Ge5g6,Gd3g6] könnte Weiss dank
einem Doppelopfer auf g6 Dauerschach erzwingen.}) 14. Re1 Bxc5 15. Bg5 $2 ({
Nach diesem weiteren Fehler ist Weiss strategisch verloren, da er das Feld e5
nicht mehr kontrolieren kann.} 15. Bf4 {[%csl Ge5] hätte gewisse positionnelle
Kompensation versprochen.}) 15... Qc7 16. Re3 (16. Qh4 Nc6 {xe5}) 16... Nc6 ({
Besser als die Alternativen} 16... Nxc2 $2 17. Rh3 h6 18. Bxh6 Qxe5 19. Bxc2) (
{und} 16... g6 $6 17. Nxg6 hxg6 18. Qxg6+ Qg7 19. Qh5 $44) 17. Nxc6 ({Nach} 17.
Rh3 Nxe5 18. Qxh7+ Kf7 {hat Weiss keinen überzeugenden Angriff, z.B:} 19. Qh5+
(19. Rh6 Be7) (19. Bh6 Rg8) 19... Ng6 20. Rg3 Bd6 (20... Rh8 21. Qxg6+ Kxg6 22.
Bf4+ Kf6 23. Bxc7 e5 24. Re1 e4 25. Bb5 g5 $36) 21. Bf4 Bxf4 22. Qxg6+ Kg8 $19)
17... bxc6 18. Rh3 g6 19. Bf4 ({Dieser Zwischenzug sollte e5 verhindern, aber
er scheitert an einen anderen Zwischenzug!} 19. Qe2 e5 $19) 19... Bxf2+ 20. Kf1
Qa7 $5 ({Direkter als} 20... gxh5 21. Bxc7 Bd4 $17) ({oder} 20... Qg7 21. Qe2
Bd4 22. c3 Bf6 23. Bh6 Qf7 24. Bxf8 Qxf8 $17) 21. Qh6 (21. Qe2 Bd4 22. Re1 Re8
23. Be5 Bxe5 24. Qxe5 Qg7 $19) 21... Bg1 22. Qh4 (22. Rf3 Bd4) 22... Bd4 23.
Re1 Bf6 $1 24. Qg3 ({Nun kommt Schwarz zum Befreiungsdurchbruch, aber auch} 24.
Bg5 Bxg5 25. Qxg5 Qg7 {war hoffnungslos.}) 24... e5 $1 {[%cal Yc8h3]} 25. Rxe5
(25. Bxe5 f4) 25... Bxe5 26. Bxe5 f4 27. Qg5 Bf5 (27... Bxh3 $2 28. Bxg6) 28.
Rh6 Bxd3+ 29. cxd3 Qf7 30. Rh3 Qf5 31. Qe7 (31. Qh6 Rf7) 31... Rf7 32. Qd6 Re8
33. d4 Qb1+ 34. Kf2 Qxb2+ 35. Kf3 Qc2 36. Qb4 Qe4+ {[%csl Re5][%cal Re4b4]} 0-1

[Event "EU-chT (Men) 15th"]
[Site "Gothenburg"]
[Date "2005.07.31"]
[Round "2.2"]
[White "Nevednichy, Vladislav"]
[Black "Pelletier, Yannick"]
[Result "1-0"]
[WhiteElo "2583"]
[BlackElo "2603"]
[Annotator "Pelletier,Y"]
[PlyCount "59"]
[EventDate "2005.07.30"]
[EventType "team-swiss"]
[EventRounds "9"]
[EventCountry "SWE"]
[SourceTitle "CBM 109"]
[Source "ChessBase"]
[SourceDate "2005.11.14"]
[SourceVersion "1"]
[SourceVersionDate "2005.11.14"]
[SourceQuality "1"]
[WhiteTeam "Romania"]
[BlackTeam "Switzerland"]
[WhiteTeamCountry "ROU"]
[BlackTeamCountry "SUI"]

1. e4 e6 2. d4 d5 3. Nd2 Be7 4. e5 c5 5. Qg4 Kf8 6. dxc5 Nc6 7. Qg3 f6 8. Ngf3
Nh6 9. Bd3 Nf7 10. exf6 gxf6 11. O-O $2 ({Es braucht keinen Großmeister, um
schnell zu verstehen, dass dieser Zug schwach ist. Richtig ist} 11. c4 {
, um zu verhindern, dass Schwarz klaren Vorteil im Zentrum erhält. Es kann
folgen} Nb4 12. Bb1 Rg8 13. Qh3 e5 14. Qxh7 Rh8 15. Qg6 Rg8 16. Qh7 Rh8 {
mit Zugwiederholung.}) 11... e5 12. Nh4 {Nach langem Nachdenken entscheidet
sich Weiß richtig für ein Figurenopfer.} e4 ({Stärker war vielleicht noch} 
12... Rg8 $5 13. Qe3 (13. Qf3 e4 14. Nxe4 Rg4) 13... e4 14. Nxe4 Rg4) 13. Nxe4
dxe4 14. Bxe4 Nd4 $2 ({Ein außergewöhnlich dummer Zug. Der Springer verbraucht
2 Tempis, um die Entwicklung des Bc8 zu erschweren! Nach} 14... Bxc5 15. Nf5 (
15. Bf5 Nd4) (15. Bf4 Rg8) (15. Be3 Nd4 16. Rae1 Rg8 17. Bxd4 Qxd4 18. Qb3 Ng5)
15... Bxf5 16. Bxf5 Qd5 {steht Schwarz klar besser.}) 15. Qd3 Ne6 ({Ungefähr
alles, was nichts einstellt, ist immer noch vorteilhaft für Schwarz:} 15... Ne5
16. Bh6+ Kf7 17. Qd1 Bg4 18. f3 Be6) (15... Bxc5 {oder}) (15... f5 16. Nxf5
Nxf5 17. Bxf5 Qxd3 18. Bxd3 Bxc5 $15 {/=}) 16. Qe2 Qc7 (16... Nxc5 17. Bf5 Qd5
18. Re1 $44) (16... Bxc5 $5 17. Nf5 Neg5 $17) 17. Re1 Bxc5 18. Bd5 Ng7 $6 (
18... Qe5 19. Qd1 Qd4 $17) 19. Qc4 $6 (19. Qf3 $44) 19... Bd6 20. Qb3 Ne5 $2 (
20... Bxh2+ 21. Kh1 Bd6 22. Bd2 a5 $17 {war sicher zu einfach.}) 21. h3 Ng6 22.
Nf3 $2 ({Weiß verpasst auch was:} 22. Bh6 Nxh4 23. Qa4 Nf3+ 24. gxf3 (24. Bxf3
Kf7) 24... Bf5 25. Qh4 Qd8 26. Rad1 $18) 22... h5 (22... Bf5 23. Nd4 $40) (
22... Nf5 23. g4 $40) 23. Nd4 Qb6 24. Nb5 Bc5 25. Be3 $138 Bd7 (25... Bxe3 26.
Rxe3 Nf5 $15) 26. Bxc5+ Qxc5 27. Nc3 Bc6 28. Rad1 Nf4 $4 ({Nach} 28... Ne7 {
hat Weiß ausgezeichnete Kompensation, aber der Kampf wäre noch lang gegangen.})
29. Bxc6 bxc6 (29... Qxc6 30. Qb4+) 30. Rd7 1-0

[Event "RUS-ch Superfinal"]
[Site "Moscow"]
[Date "2006.12.10"]
[Round "7"]
[White "Svidler, Peter"]
[Black "Nepomniachtchi, Ian"]
[Result "1-0"]
[WhiteElo "2750"]
[BlackElo "2545"]
[Annotator "Postny,E"]
[PlyCount "145"]
[EventDate "2006.12.03"]
[EventType "tourn"]
[EventRounds "11"]
[EventCountry "RUS"]
[EventCategory "15"]
[SourceTitle "CBM 116"]
[Source "ChessBase"]
[SourceDate "2007.02.01"]
[SourceVersion "1"]
[SourceVersionDate "2007.02.01"]
[SourceQuality "1"]

1. e4 e6 2. d4 d5 3. Nd2 Be7 4. e5 {Svidler chooses an ambitious line.} ({
The following theoretical lines are more popular and less committing:} 4. Ngf3
Nf6 5. e5 Nfd7 6. Bd3 c5 7. c3) (4. Bd3 c5 5. dxc5 Nf6 6. Qe2 Nc6 7. Ngf3) 4...
c5 5. Qg4 Kf8 {White forced Black to lose his right to castle, but his central
pawns chain is about to fall apart. The move in the text is preferable than 5..
.g6, not to weaken dark squares.} 6. dxc5 (6. c3 $6 Nc6 {with an idea 7...cxd4
and 8...Nb4.}) 6... Nc6 7. Qg3 ({The alternatives are:} 7. Ngf3) (7. Ndf3) 7...
Nh6 $5 $146 {This move appeares to be a novelty. At first sight it does not
look bad, black's knight is intending to jump on f5 harassing white's queen.
On the other hand, the previously played 7...f6 is more tempting and critical.}
(7... f6 8. Ngf3 Nh6 9. Nb3 (9. Bd3 Nf7 10. exf6 gxf6 11. O-O $6 (11. c4 $142)
11... e5 12. Nh4 e4 13. Nxe4 dxe4 14. Bxe4 Nd4 15. Qd3 Ne6 $17 {1-0 Nevednichy,
V (2583)-Pelletier,Y (2603)/Gothenburg 2005/CBM 109 (30)}) 9... Nf5 10. Qf4 g5
11. Qd2 Nxe5 12. Nxe5 fxe5 13. Qe2 (13. Be2 $13) 13... Bf6 14. Bd2 Kg7 15. g3
h6 16. Bg2 b6 17. O-O a5 $17 {0-1 Wang Yu A (2396)-Lputian,S (2614)/Beer Sheva
ISR 2005/The Week in Chess 575 (41)}) 8. Bd3 (8. Ngf3 Nf5 9. Qf4 g5 (9... Bxc5
$6 10. Nb3 Bb6 11. Bd3 $16) 10. Qa4 Qc7 {[%csl Re5]} 11. Bd3 {is very
complicated and deserves to be checked in the later games.}) 8... Bh4 9. Qf4
Bg5 10. Qg3 Bh4 {The young Russian star does not mind to repeat moves against
Peter Svidler.} 11. Qf4 (11. Qh3 Nxe5 {[%cal Gc8h3] is worse, since the queen
on h3 is vulnerable.}) 11... Bg5 12. Qa4 {Probably White is not better here,
but the tournament situation forced Svidler to push hard for a win.} Nxe5 13.
Ngf3 Nxd3+ $6 {It's logical to eliminate white's light-squared bishop, however,
this exchange improves white's pawnstructure, so the Pc5 will never fall...} (
13... Nxf3+ 14. Nxf3 Bxc1 15. Rxc1 e5 $1 {The point of 13...Nxf3.} 16. Nxe5 (
16. Rd1 $5 Qe7 17. Be2 e4 18. Nd4 Qxc5 19. O-O $44) 16... Qg5 (16... Qe7 $4 17.
O-O Qxe5 18. Rfe1 $18 {[%csl Re8]}) 17. f4 (17. O-O $2 Bh3 18. Nd7+ Ke7 19.
Rfe1+ Kd8 20. g4 Nxg4 (20... Bxg4 $2 21. f4 Bxd7+ 22. fxg5 Bxa4 23. gxh6 gxh6
24. c4 $14) 21. f4 Qh4 22. Re2 Nxh2 $1 23. Ne5 (23. Rxh2 Qg3+ 24. Kh1 Qf3+ 25.
Kg1 Qe3+ $19 {[%cal Ge3c1,Ge3g1]}) 23... Nf3+ $1 24. Nxf3 Qg3+ 25. Kh1 Qxf3+
26. Kh2 Bg4 $17) 17... Qxg2 18. Rf1 Qxh2 19. c6 Kg8 20. cxb7 Bxb7 21. Qd7 Rb8
22. Qc7 Qh4+ 23. Kd2 Qd8 24. Qxd8+ Rxd8 {White has not more than reasonable
compensation for the pawn.}) 14. cxd3 {White's position should be preferable
thanks to some space advantage and more harmonious development. Moreover,
Black will have to lose some time to settle his king.} Be7 15. b4 $6 {This
move creates a target for Black, which was ignored for some reason...} (15. Nb3
Nf5 16. O-O $14) 15... f6 $6 ({Can be recommended:} 15... Bd7 16. Qb3 a5 {
ruining the white pawn chain on the queenside.}) 16. O-O Nf5 ({Dangerous for
Black is:} 16... e5 17. Qb3 (17. Ne1 $5 {[%cal Gf2f4]}) 17... Be6 18. d4 e4 19.
Nxe4 $1 dxe4 20. Qxe6 exf3 21. Bxh6 gxh6 22. Rfe1 $1 Rg8 23. d5 Rxg2+ 24. Kh1
$36 {[%cal Gd5d6]}) 17. Bb2 h5 18. Rac1 {White is trying to push b4-b5 gaining
even more space, while Black is fighting against it.} Bd7 19. Qb3 Rc8 20. Nd4 {
Exchanging Black's only active piece.} Nxd4 21. Bxd4 h4 $6 {This pawn will
become a target in future.} ({An immediate} 21... Qe8 {should have been
preferred.}) 22. h3 Qe8 (22... e5 $2 23. Bb2 Be6 (23... d4 24. f4 {and black's
pawns chain is collapsing.}) 24. d4 e4 25. Nxe4 $18) 23. f4 Qg6 24. Kh1 Rh5 {
Black managed to somehow complete the development, but actually, he has no
active plan at all. On the other hand, White is going to regroup his pieces
and put pressure on Pe6. White is considerably better.} 25. Nf3 a6 26. Rce1 Bd8
27. Bg1 $1 {The d4 square belongs to the knight.} Kg8 28. Nd4 Qf7 29. Qd1 $1 {
[%csl Rh5] Threatening 30.Nxe6.} g6 30. Bh2 Bc7 $2 {Black certainly
underestimated White's reply...} (30... b6 31. c6 $1 Bxc6 32. Nxe6 Be7 33. f5
$1 Rxf5 34. Rxf5 gxf5 35. Qd2 {with clear advantage, as Black has numerous
pawn weaknesses. Still, this would have been the least of the evils.}) {
[%tqu "En","How should White continue?","","","f4f5","A profound pawn
sacrifice, based purely on strategical aspects.",15]} 31. f5 $3 {[%mdl 32] A
profound pawn sacrifice, based purely on strategical aspects.} exf5 {The
alternatives are not better.} (31... e5 32. fxg6 Qxg6 33. Rxf6 $1 Qxf6 34. Qxh5
exd4 (34... Re8 35. Nf3 $18) 35. Qxd5+ Qf7 36. Qg5+ Kf8 (36... Qg7 37. Qxg7+
Kxg7 38. Re7+ $18) 37. Bxc7 Rxc7 38. Qd8+ $18) (31... Bxh2 32. fxe6 Bxe6 33.
Kxh2 {[%csl Gd4] White's position is strategically won thanks to superb Nd4,
pawns majority on the queenside and the control over the "e" file.}) (31...
gxf5 32. Bxc7 Rxc7 33. Nxe6 Bxe6 34. Rxe6 Qxe6 35. Qxh5 $18) 32. Bxc7 Rxc7 33.
Re3 {Now we can see all the benefits that White achieved by the pawn sacrifice.
The knight on d4 is clearly dominating over the passive bishop. The "e" file
is under white's control, and black's rook on h5 is out of play. Moreover, the
Pd5 is a clear target and will fall in the long run. Black's position is
objectively lost.} Rh8 (33... Rh7 {covering e7 square, would have been a bit
more resistant.}) 34. Rfe1 Bc8 35. Qf3 Kh7 36. b5 $1 Qf8 (36... axb5 37. Nxb5
Rd7 38. Nd6 $18) 37. b6 Rg7 38. Qxd5 {White's position is overwhelming. But,
we also have to praise Yan Nepomniashchy, that continued to fight and use all
possible practical chances until the bitter end.} Qd8 39. Qc4 g5 40. Ne6 Bxe6
41. Rxe6 Rf8 42. Rd6 Qb8 43. Qd5 Kg6 44. Rf1 (44. Ree6 $1 Rgf7 45. Qe5 Qc8 46.
Rd5 $18 {[%csl Rf5] was more convincing.}) 44... Qc8 45. Re6 f4 46. Qe4+ Kh6
47. d4 Rd7 48. Re1 Kg7 49. a3 {White is not in a hurry to make the decisive
breakthrow.} Qd8 (49... Rff7 50. Re8 Rd8 51. Rxd8 Qxd8 52. d5 $18) 50. d5 $1
Rdf7 (50... Rxd5 51. Re7+ Rf7 52. Rxf7+ Kxf7 53. Qh7+ Kf8 54. c6 Rd1 (54...
bxc6 55. b7 $18) 55. Qh8+ Kf7 56. Qh5+ $18 {[%cal Gh5d1,Gh5f7]}) 51. d6 Qc8 52.
Qd5 f3 $1 {The last practical chance.} 53. gxf3 Qd7 54. Kg2 $6 {Giving to the
opponent unnecessary chances.} (54. f4 $1 Qa4 55. fxg5 Qxa3 56. gxf6+ Kh6 57.
Qf5 $18) 54... Qa4 55. Re7 Qf4 {Suddenly, Black's queen became very active.}
56. Kf1 Qh2 57. Qf5 Qh1+ 58. Kf2 Qh2+ 59. Kf1 Qh1+ 60. Ke2 Qh2+ (60... Rxe7+ $1
61. dxe7 Qg2+ 62. Ke3 Re8 63. Qd7 Kf7 64. Qd5+ Kg7 (64... Kxe7 65. Kd3+ Kf8 66.
Qd6+ $18) 65. Qxb7 Qg3 {was forcing White to find some precise moves on the
way to a win.}) 61. Kd1 Qb2 62. R1e3 Qd4+ 63. Ke2 Qb2+ 64. Kf1 Qc1+ 65. Kg2
Qd2+ 66. Re2 {The checks are finally over.} Qd1 67. Qc2 Qd4 68. d7 g4 (68...
Rxe7 69. Rxe7+ Rf7 70. Rxf7+ Kxf7 71. c6 bxc6 72. b7 $18) 69. Qe4 gxf3+ 70.
Qxf3 f5 71. Qxf5 Kh8 72. Qh5+ Kg7 73. Rxf7+ (73. Rxf7+ Rxf7 74. Qg5+ {and the
"d" pawn queens.}) 1-0